History of Phytophthora disease control of natural rubber in India (Record no. 60459)

MARC details
000 -LEADER
fixed length control field 00639nam a2200181Ia 4500
100 ## - MAIN ENTRY--AUTHOR NAME
Personal name Jacob C K
245 #0 - TITLE STATEMENT
Title History of Phytophthora disease control of natural rubber in India
260 ## - PUBLICATION, DISTRIBUTION, ETC. (IMPRINT)
Name of publisher Phytophthora Diseases of Plantation Crops. (Eds. Jacob Mathew; C. Bindu Roy; C. Kuruvilla Jacob and N. Ramachandran).Westville Publishing House, New Delhi, pp. 1-5.
500 ## - GENERAL NOTE
General note Source Year: 2015
650 ## - SUBJECT ADDED ENTRY--TOPICAL TERM
Topical Term Abnormal leaf fall
650 ## - SUBJECT ADDED ENTRY--TOPICAL TERM
Topical Term Black stripe
650 ## - SUBJECT ADDED ENTRY--TOPICAL TERM
Topical Term Disease control
650 ## - SUBJECT ADDED ENTRY--TOPICAL TERM
Topical Term Patch canker
650 ## - SUBJECT ADDED ENTRY--TOPICAL TERM
Topical Term Phytophthora
650 ## - SUBJECT ADDED ENTRY--TOPICAL TERM
Topical Term Shoot rot disease
942 ## - ADDED ENTRY ELEMENTS (KOHA)
Koha item type Journals
Holdings
Withdrawn status Lost status Damaged status Not for loan Home library Current library Shelving location Date acquired Koha item type
      Journals RRII Library RRII Library Pathology 01/01/2016 Journals